000 00404nam a2200157Ia 4500
008 210716s2001 xx 000 0 und d
020 _a812191115X
041 _aeng
082 _a658.1599 SETT
100 _aSethi, T T.
245 _aMoney, banking and international trade.
250 _a1
260 _aNew Delhi
_bS Chand and Company Ltd
_c2001
300 _a475
650 _aInternational Finance
999 _c197932
_d197932